01380cam a22002775a 45000010009000000050017000090080041000260100017000670200015000840400033000990430012001320820021001441110058001652450221002232600032004443000041004766500066005176500062005836510010006456530025006557100099006809420008007799990017007879520141008049520157009451352943620170220122553.0040319s1999 ua a fr 100 0 eng d a 00286048  z9775777090 aDLCbengcDLCdDLCdEG-ScBUE ama-----04a346.048bCHA2222 aAIPPI International Symposiumd(1997 :cCairo, Egypt)10aChallenges in intellectual property protection :binternational & Arab world perspectives : proceedings of AIPPI International Symposium in Cairo organized by the Egyptian National Group of AIPPI, 21-23 October 1997. a[Cairo?] :bAEPPI,c[1999?] a273 p. :bill. (some col.) ;c24 cm. 7aIntellectual property (International law)vCongresses.2BUEsh 7aIntellectual propertyzArab countriesvCongresses.2BUEsh 2BUEsh bLLAAWWcFebruary20172 aInternational Association for the Protection of Industrial Property.bEgyptian National Group. 2ddc c24205d24177 00102ddc40708DarN.AR.aMAINbMAINc1STd2017-02-20ePurchaseg70.00h2815l0o346.048 CHAp000041181r2025-07-15 00:00:00v87.50yBB 00102ddc40708DarN.AR.aMAINbMAINc1STd2017-02-20ePurchaseg70.00h2815l1m10o346.048 CHAp000041182r2025-07-15 00:00:00s2021-11-21v87.50yBB